[Event "Redbus KO"]
[Site "Southend"]
[Date "2001.04.13"]
[Round "1.1"]
[White "Flear, Glenn C"]
[Black "Chandler, Murray G"]
[Result "1/2-1/2"]
[WhiteElo "2476"]
[BlackElo "2529"]
[Annotator "Rabinovich,Al"]
[PlyCount "84"]
[EventDate "2001.04.13"]
[EventType "k.o."]
[EventRounds "4"]
[EventCountry "ENG"]
[SourceTitle "CBM 083"]
[Source "ChessBase"]
[SourceDate "2001.07.05"]
[SourceVersion "1"]
[SourceVersionDate "2001.07.05"]
[SourceQuality "1"]

1. d4 Nf6 2. c4 e6 3. Nf3 b6 4. e3 {This quiet move came lately in fashion.It
seems that white is closing his dark-square B without any reason,but it is not
as simple as it looks: B will take place on b2 from where it will take control
over e5 square,more than that in every case of opening the center and
disappearing the d4P,the B on b2 will become a very strong piece. The very big
difference between this setup and the one with g3 and Bg2 is that here white
can gain initiative on the Kside,while in the other setup the B on g2 is
almost never joins the attack on black K.} Bb7 5. Bd3 d5 {The most logical
move.} (5... Be7 6. O-O O-O 7. b3 c5 8. Bb2 cxd4 9. exd4 d6 10. Nc3 Re8 11. d5
e5 12. Qd2 Nbd7 13. Rae1 a6 14. a4 $14 {[%csl Rb7] 1-0 Kosyrev,V-Staniszewski,
P/Swidnica 1999/EXT 2000 (32)}) 6. O-O Bd6 7. b3 O-O 8. Nc3 Nbd7 9. Bb2 {
Black can choose here between few continuations,but the move in the text seems
to be the best one.Taking care of b5 square and preparing c5......} a6 (9... c5
10. cxd5 exd5 11. Qe2 a6 12. Rfd1 b5 13. dxc5 Nxc5 14. Rac1 Re8 15. Bc2 Rc8 16.
Bf5 Rc7 17. Qe1 b4 18. Ne2 Nce4 19. Rxc7 Qxc7 20. Rc1 Qd8 21. Qd1 Re7 22. Nfd4
$14 {1/2-1/2 Ivanchuk,V-Gelfand,B/Novgorod 1996/CBM 54 (80)}) (9... dxc4 $5 10.
bxc4 e5 11. Bf5 {[%cal Gc3b5]} a6 12. a4 Re8 13. Rb1 exd4 14. exd4 Nf8 15. Re1
Rxe1+ 16. Nxe1 Bc8 17. Bxc8 Rxc8 18. Nf3 $11 {Abschätzung. 1/2-1/2 Spassky,
B-Huebner,R/Germany 1981/GER-chT (90)}) (9... Ne4 10. Ne2 Qf6 11. Ng3 Rfe8 12.
Qc2 Qg6 13. b4 Bxg3 14. hxg3 dxc4 15. Qxc4 Rec8 16. Qc2 f5 $14 {[%csl Rc7,Re6]
[%cal Gc2a4,Gd3a6] 1-0 Malaniuk,V-Nikolenko,O/Moscow 1992/EXT 97 (41)}) 10. Rc1
(10. Qe2 $6 Ne4 11. Qc2 f5 12. Ne2 Rf6 13. Ne5 dxc4 14. bxc4 Bxe5 15. dxe5 Rh6
16. f3 Qh4 17. h3 Ng5 18. Nf4 Qg3 19. Kh1 Nc5 20. Qf2 Qxf2 21. Rxf2 Nxd3 (21...
Bxf3 $1 22. Rxf3 Nxf3 23. gxf3 Nxd3 24. Nxd3 Rd8 25. Nf4 (25. Rd1 Rxh3+ 26. Kg2
Rh4 27. f4 g5 $19) 25... Rd2 $19) 22. Nxd3 Rd8 23. Nf4 Nf7 24. Kg1 g5 25. Ne2
c5 26. Ng3 Rh4 27. Rc1 Bc6 28. Nf1 Kf8 29. Rd2 Rxd2 30. Nxd2 Ke7 31. Kf2 {
1/2-1/2 Davies,N-Fries Nielsen,J/Gausdal 1992/TD/[Alex] (31)}) 10... Qe7 $11
11. Bb1 Rad8 12. cxd5 exd5 {[%cal Gc7c5]} 13. Qc2 (13. Nh4 g6 {[%csl Rh4][%cal
Gf6e4]} 14. Nf3 Ne4 {[%cal Gf7f5]}) 13... Rfe8 (13... Ne4 14. Nxe4 dxe4 15. Nd2
f5 16. Nc4 Rc8 17. Nxd6 cxd6 18. Qd2 Nf6 $15 {[%cal Gf6d5]}) 14. Qf5 g6 15. Qg5
Ne4 (15... b5 $5 {[%csl Ge4][%cal Gb5b4,Gf6e4] Fighting for e4 square and
after playing b4 closing totally the B on b2!}) 16. Qxe7 Rxe7 17. Rfd1 Nxc3 18.
Rxc3 f6 {Securing e5 square.} (18... Nf6 19. Ne5 {[%cal Ge5c6]} c5 20. Rcc1
Bxe5 21. dxe5 Ng4 22. b4 Rc8 (22... cxb4 23. Bd4 Nxe5 24. Bxb6 Rde8 25. Bc5 Rc7
26. Bxb4 $14) 23. bxc5 bxc5 24. Ba3 Rec7 25. Bb2 $11) 19. Bd3 Nf8 {The
position is equal.} 20. Bf1 {[%cal Gg2g3,Gf1g2,Gg2d5]} Ne6 21. g3 Kf7 22. Rc2 {
Profylactic move.} Red7 23. Bg2 Bf8 24. h4 h5 25. Ne1 {It is really hard to
break for one of the sides.Each player improves the placement of his pieces.
Black is capble of playing c5,but it is probably won't change too much the
character of the position.White can exchange the dark-square bishops and can
try to play against c7P and to try to bring the N to b4 and then to c6.} Bd6
26. Nd3 Re7 27. Nc1 Red7 28. Ne2 Re8 29. Nc3 Bf8 30. Nb1 Red8 {Last 6 black
moves show that he is just waiting for white plan.....} 31. Ba3 Bxa3 32. Nxa3
c5 33. dxc5 (33. Bh3 $1 cxd4 (33... f5 $6 {[%csl Rf5,Rg6,Gh3,Rh5]}) 34. Bxe6+
Kxe6 35. Rxd4 Rc8 36. Kf1 Rxc2 37. Nxc2 Rc7 38. Rd2 $14 {Even here,when black
has a weakness on d5 and bad bishop it's really hard for white to win it.})
33... bxc5 34. Rcd2 Ke7 35. Nb1 $6 {[%cal Gb1c3] White succeded to get some
small advantage,but the next move gives it all away.} (35. Nc2 {[%csl Gd4]} a5
36. Bf3 Bc6 37. Kg2 $14) 35... d4 $1 {After this simple move almost all pieces
exchange and the endgame is equal.} 36. Na3 Bxg2 37. Kxg2 dxe3 38. Rxd7+ Rxd7
39. Rxd7+ Kxd7 40. fxe3 Nc7 41. Nc4 Ke6 42. Kf3 Nd5 1/2-1/2

[Event "GER-ch 79th"]
[Site "Bad Woerishofen "]
[Date "2008.02.19"]
[Round "5"]
[White "Siebrecht, Sebastian"]
[Black "Rotstein, Arkadij"]
[Result "1-0"]
[WhiteElo "2487"]
[BlackElo "2548"]
[Annotator "Reeh,O"]
[PlyCount "79"]
[EventDate "2008.02.15"]
[EventType "swiss"]
[EventRounds "9"]
[EventCountry "GER"]
[SourceTitle "CBM 122 Extra"]
[Source "ChessBase"]
[SourceDate "2008.03.04"]
[SourceVersion "1"]
[SourceVersionDate "2008.03.04"]
[SourceQuality "1"]

1. d4 Nf6 2. Nf3 e6 3. e3 b6 4. Bd3 Bb7 5. O-O c5 6. c4 g6 7. d5 {An
entertaining pawn sacrifice. Ein unternehmungslustiges Bauernopfer.} exd5 8.
cxd5 Bxd5 (8... Nxd5 {is the alternative (9.Be4 Nxe3) ist die Alternative (9.
Be4 Nxe3).}) 9. e4 Bc6 10. e5 Nd5 11. Nbd2 Nc7 12. Nc4 $146 Ne6 13. Re1 Bxf3 $6
({Worth trying was Einen Versuch wert war} 13... b5 14. Nd6+ Bxd6 15. exd6 O-O)
14. Qxf3 Nc6 15. Bh6 $1 {Now White has a splendid initiative. Nun hat Weiß
eine prächtige Initiative.} Ncd4 (15... Bxh6 16. Nd6+) 16. Qh3 b5 17. Nd6+ Bxd6
18. exd6 Qf6 19. f4 Nf5 (19... O-O-O) 20. Bxf5 gxf5 ({No better was Nicht
besser war} 20... Qxf5 21. Qc3 $1 Rg8 (21... f6 22. Qf3 {followed by 23. g4
and 24.f5. nebst 23. g4 und 24.f5.}) 22. Re5 $1 Qf6 (22... Qg4 23. h3 Qh4 24.
Bg5 Qh5 25. g4 {is another way of saying goodbye. ist eine andere Möglichkeit,
sich zu verabschieden.}) {[%tqu "En","How should White continue?","The black
queen is unprotected.","","e5e6","Clearing with tempo the diagonal c3-f6 and
winning the queen after 23...Qxe6 (fxe6 24.Qxf6) 24.Re1.",10,"De","Wie soll
Weiß fortsetzen?","Die schwarze Dame ist ungedeckt.","","e5e6","Räumt mit
Tempo die Diagonale c3-f6 und gewinnt die mit Dame nach 23...Qxe6 (fxe6 24.
Qxf6) 24.Re1.",10]} 23. Rxe6+ $1 {winning the queen after 23...Qxe6 24.Re1.
mit Damengewinn nach 23...Qxe6 24.Re1.}) 21. Re5 Rg8 22. Rae1 Rc8 ({This was
the last chance to bring the king into (relative) safety: Dies war die letzte
Chance, den König in (relative) Sicherheit zu bringen:} 22... O-O-O $5) 23. Bg5
Qg6 24. Rxf5 c4 25. Rf6 Qd3 {[%tqu "En","White's queen is attacked - what do
you suggest?","There is one point all three white major pieces are aiming at.",
"Find a way to the black king!","e1e6","Storming the last bastion in front of
the black king.",10,"f6e6","Just as good as the game.",10,"De","Die weiße Dame
ist angegriffen - was schlagen Sie vor?","Es gibt einen Punkt, auf den alle
drei weißen Schwerfiguren zielen.","Bahnen Sie sich einen Weg zum schwarzen
König!","e1e6","Erstürmt die letzte Bastion vor dem schwarzen König.",10,
"f6e6","Genauso gut wie die Partie.",10]} 26. Rexe6+ $1 {Storming the last
bastion in front of the black king. Erstürmt die letzte Bastion vor dem
schwarzen König.} fxe6 (26... dxe6 27. Rxe6+ {is even worse since the black
king cannot hide on f8 anymore: ist sogar noch schlechter, da sich der
schwarze König nicht mehr auf f8 verstecken kann:} Kf8 (27... Kd7 28. Re3+) 28.
Be7+ Kg7 (28... Ke8 29. Bf6+) 29. Qh6+ Kh8 30. Bf6+ {and checkmate. und matt.})
{[%tqu "En","What now?","Don't stop half way.","","f6e6","Of course!  This
second rook is taboo, so the black king is forced onto the f-file where it
will be attacked by all white pieces.",10,"De","Was nun?","Bleiben Sie nicht
auf halbem Wege stehen.","","f6e6","Na klar!  Dieser zweite Turm ist tabu,
daher wird der schwarze König in die f-Linie gezwungen, wo die weißen Figuren
über hin herfallen.",10]} 27. Rxe6+ $1 {Completing the task of exposing the
black king! Damit ist der schwarze König vollends entblößt.} (27. Qh5+ Rg6 28.
Qxh7 {would have given away the victory due to hätte den Sieg verschenkt wegen}
Qb1+ 29. Kf2 Qxb2+ 30. Kf3 Qc3+ {with perpetual check, since mit Dauerschach,
denn} 31. Kg4 {fails to scheitert ja} Qxf6) 27... Kf8 ({This second rook was
untouchable: Dieser zweite Turm war unantastbar:} 27... dxe6 28. Qxe6+ Kf8 29.
Qe7#) 28. Bh6+ Rg7 29. Bxg7+ Kxg7 30. Qh6+ Kh8 31. Qf6+ Kg8 32. Qg5+ Kh8 33.
Qe5+ Kg8 34. Re8+ Rxe8 35. Qxe8+ Kg7 36. Qxd7+ Kg6 37. Qe6+ Kg7 38. Qe5+ Kf7
39. h3 {After having brought in rich harvest (with 12 checks in succession!),
White finally finds time to prepare a safe place for his own king. Nachdem er
reiche Ernte eingefahren hat (mit 12 Schachs in Folge!), findet Weiß
schließlich die Zeit, dem eigenen König ein sicheres Plätzlichen zu bereiten.}
Qb1+ 40. Kh2 1-0

[Event "Olympiad-29"]
[Site "Novi Sad"]
[Date "1990.12.03"]
[Round "14"]
[White "Ricardi, Pablo"]
[Black "Karkanaque, Ilir"]
[Result "1-0"]
[WhiteElo "2405"]
[BlackElo "2375"]
[Annotator "Ricardi,P"]
[PlyCount "41"]
[EventDate "1990.11.17"]
[EventType "team-swiss"]
[EventRounds "14"]
[EventCountry "YUG"]
[SourceTitle "TD"]
[Source "ChessBase"]
[SourceDate "1994.03.01"]
[SourceVersion "1"]
[SourceVersionDate "1994.03.01"]
[SourceQuality "1"]
[WhiteTeam "Argentina"]
[BlackTeam "Albania"]
[WhiteTeamCountry "ARG"]
[BlackTeamCountry "ALB"]

1. d4 Nf6 2. c4 e6 3. Nf3 b6 4. e3 Bb7 5. Bd3 c5 6. O-O Be7 7. Nc3 cxd4 (7...
O-O 8. d5 exd5 9. cxd5 Nxd5 (9... d6 10. e4 a6 11. a4 Nbd7 12. h3 $14) 10. Nxd5
Bxd5 11. Bxh7+ Kxh7 12. Qxd5 $14) 8. exd4 d5 (8... d6 $145 9. d5 $1 e5 10. Ng5
Nbd7 11. f4 g6 $2 12. f5 h6 13. Ne6 $1 $16 {Polgar,Zsu.-Hracek, Stara Zagora
zt 1990}) 9. cxd5 Nxd5 10. Ne5 O-O 11. Qg4 $1 (11. Qh5 g6 12. Qf3 Nd7 $13)
11... Nf6 (11... Nd7 12. Bh6 Bf6 13. Qe4 $16) 12. Qh4 (12. Qg3 $145 $36 Kh8 13.
Bg5 h6 14. Qh3 Ng8 $8 15. Qh5 $1 $16 {Dizdar-Hansen,L.B., Berlin 1988}) 12...
Ne4 (12... Nbd7 13. Bf4 $14) 13. Qh3 Qxd4 $6 14. Bf4 $1 $146 Nf6 (14... f5 15.
Nb5) (14... g6 15. Bxe4 Bxe4 16. Rad1 Bxg2 17. Qg3 $18) 15. Ne2 Qd8 (15... Qxb2
16. Ng4 g6 $2 17. Be5 $18) 16. Rfd1 Bd5 17. Bg5 g6 (17... h6 18. Bxh6 gxh6 19.
Qxh6 $40) 18. Qh4 Re8 {[#]} 19. Nxf7 $1 Kxf7 20. Bxf6 Kg8 $2 (20... Bxf6 21.
Qxh7+ Kf8 22. Nf4 Bg7 23. Nxg6+ Kf7 24. Bb5 {P d4-f4} Rg8 25. Rd4 $18) 21. Bxg6
$1 1-0

[Event "Noumea op"]
[Site "Noumea"]
[Date "1995.??.??"]
[Round "4"]
[White "Solozhenkin, Evgeniy"]
[Black "Johansen, Darryl Keith"]
[Result "0-1"]
[WhiteElo "2480"]
[BlackElo "2500"]
[Annotator "Rogers,I"]
[PlyCount "123"]
[EventDate "1995.??.??"]
[EventType "swiss"]
[EventRounds "7"]
[EventCountry "FRA"]
[SourceTitle "EXT 1997"]
[Source "ChessBase"]
[SourceDate "1996.11.15"]
[SourceVersion "1"]
[SourceVersionDate "1996.11.15"]
[SourceQuality "1"]

1. d4 Nf6 2. c4 e6 3. Nf3 Bb4+ 4. Nbd2 b6 5. a3 Bxd2+ 6. Qxd2 O-O 7. e3 Bb7 8.
Be2 d6 9. O-O Nbd7 10. b4 Qe7 11. Bb2 Ne4 12. Qc2 c5 13. Nd2 Nxd2 14. Qxd2 Rfd8
15. Rfd1 Nf8 16. dxc5 dxc5 17. Qc3 f6 18. Rxd8 Rxd8 19. Rd1 Rxd1+ 20. Bxd1 {
A draw could safely have been agreed here but Solozhenkin hopes to make
something of his bishop pair.} Qd6 21. Bc2 e5 22. f3 Bc6 23. Qe1 Be8 24. Be4
Bf7 25. Bd5 Qd7 26. Qd2 cxb4 27. axb4 b5 $1 28. Bxf7+ Qxf7 29. c5 Qc4 30. h3 $6
{Beginning an erroneous plan; White's king will be needed in the centre, not
tucked away in the corner.} Kf7 31. Kh2 $6 Ng6 32. Qd7+ Ne7 33. Qxa7 $2 Qxb4
34. Qa2+ ({Solozhenkin had intended} 34. Ba3 {forgetting about the reply} Qa4
$1 {. Now Solozhenkin must enter a losing knight v bishop endgame.}) 34... Qc4
35. Qxc4+ bxc4 36. Kg3 Ke6 37. Kf2 Kd5 38. Ke2 Kc6 $1 39. Kd2 Nf5 40. f4 exf4
41. exf4 Kxc5 42. g4 Nd4 43. Ba3+ Kd5 44. f5 Nb3+ 45. Ke3 Nc5 46. Bb4 Nd7 47.
Ba3 Ne5 48. Bb4 Nd7 49. Ba3 Nc5 50. Bb4 Ne4 51. Bf8 c3 52. Kd3 g6 53. fxg6 hxg6
54. h4 Nf2+ 55. Kxc3 Nxg4 56. Kd3 Ke5 57. Ke2 Ke4 58. Be7 Kf4 59. Bd6+ Ke4 60.
Be7 f5 61. Bd6 f4 62. Be7 {(...) The rest of the game was unrecorded - Black
manoeuvred his king to g4 and captured the h pawn with an easy win.} 0-1

[Event "San Francisco"]
[Site "San Francisco"]
[Date "1991.??.??"]
[Round "2"]
[White "Polgar, Zsuzsa"]
[Black "Christiansen, Larry Mark"]
[Result "1-0"]
[WhiteElo "2510"]
[BlackElo "2590"]
[Annotator "Rogers,I"]
[PlyCount "99"]
[EventDate "1991.03.??"]
[EventType "tourn"]
[EventRounds "11"]
[EventCountry "USA"]
[EventCategory "12"]
[SourceTitle "CBM 023"]
[Source "ChessBase"]
[SourceDate "1991.08.01"]
[SourceVersion "1"]
[SourceVersionDate "1991.08.01"]
[SourceQuality "1"]

1. d4 Nf6 2. Nf3 e6 3. e3 c5 4. Bd3 b6 5. c4 Bb7 6. Nc3 cxd4 7. exd4 Be7 8. O-O
d5 $6 9. cxd5 Nxd5 10. Ne5 O-O 11. Qh5 Nf6 12. Qh4 Nbd7 13. Rd1 Ne4 $2 {
With natural developing moves White has already built up a promising attacking
position, leading Black to make an unwise break for freedom.} 14. Qh3 Ndf6 15.
d5 $3 {A terrific idea. Black cannot capture on d5 immediately with out losing
the knight on e4.} Nxc3 16. bxc3 Bxd5 17. Bg5 $1 ({Not, however,} 17. c4 Be4 $1
) 17... g6 18. Qh4 h6 19. Bxg6 $3 ({Christiansen was hoping for} 19. Bxh6 Nd7 {
with some confusion but Polgar has a surprise in store.}) (19. Qxh6 $2 Ng4 $1)
19... fxg6 (19... hxg5 20. Qxg5 fxg6 21. Qxg6+ Kh8 22. Rd3 {leads to immediate
disaster.}) 20. Qxh6 Nh7 21. Qxg6+ Kh8 22. Bxe7 Qxe7 23. c4 $1 {The final
point - due to the threat of Rd7 Black must return the piece and remain down
in material with an exposed king.} Qh4 24. cxd5 Qxf2+ 25. Kh1 Rf6 26. Qe4 exd5
27. Qxd5 Rg8 28. h3 Rf5 29. Rf1 {An excellent pragmatic decision - a queen is
almost always superior to two rooks in a time scramble and Christiansen was
already seriously short of time. The rest of the game is an excellent display
of winning technique by White.} Qxf1+ 30. Rxf1 Rxf1+ 31. Kh2 Rg7 32. Qd4 Rf6
33. h4 $1 Kg8 34. g4 $1 Nf8 35. g5 Re6 36. Ng4 Rge7 37. h5 Nd7 38. g6 Ne5 39.
Nh6+ Kf8 40. Qf4+ Ke8 41. Nf5 Nxg6 42. hxg6 Rxg6 43. Qb8+ Kf7 44. Nxe7 Kxe7 45.
Qxa7+ Kd8 46. a4 Kc8 47. Kh3 Rc6 48. Kg3 Rc3+ 49. Kf4 Rb3 50. Ke5 {"Perhaps
the best attacking game I have ever played," said Polgar afterwards. The
tournament jury agreed and awarded her the brilliancy prize for this game.} 1-0

[Event "EU-chT (Men) 14th"]
[Site "Plovdiv"]
[Date "2003.10.18"]
[Round "7.3"]
[White "Kacheishvili, Giorgi"]
[Black "Sokolov, Andrei"]
[Result "1-0"]
[WhiteElo "2593"]
[BlackElo "2584"]
[Annotator "Roiz,M"]
[PlyCount "67"]
[EventDate "2003.10.10"]
[EventType "team-swiss"]
[EventRounds "9"]
[EventCountry "BUL"]
[SourceTitle "CBM 098"]
[Source "ChessBase"]
[SourceDate "2004.02.03"]
[SourceVersion "1"]
[SourceVersionDate "2004.02.03"]
[SourceQuality "1"]
[WhiteTeam "Georgia"]
[BlackTeam "France"]
[WhiteTeamCountry "GEO"]
[BlackTeamCountry "FRA"]

1. d4 Nf6 2. c4 e6 3. Nf3 b6 4. e3 {That line was a dangerous weapon of Giorgi
in this tournament.} Bb7 5. Bd3 d5 6. O-O Bd6 7. Nc3 O-O 8. b3 Nbd7 9. Bb2 a6 {
[%csl Rb5][%cal Ya6b5] A typical necessary move-black stabilizes the placement
of Bd6,preventing Nc3-b5.} 10. Qe2 (10. Rc1 Re8 (10... dxc4 $5 11. bxc4 e5 12.
c5 bxc5 13. dxe5 Bxf3 14. gxf3 Nxe5 15. Be2 Ng6 16. f4 Nh4 $15 {0-1 Peralta,
F-Tiviakov,S/Copenhagen 2002/CBM 89 ext (39)}) 11. cxd5 (11. Ne2 dxc4 12. Rxc4
b5 13. Rc2 e5 14. dxe5 Nxe5 15. Nxe5 Bxe5 16. Bxe5 Rxe5 17. Rd2 Qe7 18. Ng3 g6
$11 {1/2-1/2 Chatalbashev,B-Almasi,Z/Ohrid 2001/CBM 84 (28)}) 11... exd5 12.
Ne2 Ne4 13. Ng3 Nxg3 14. hxg3 Nf6 15. Rc2 Ne4 16. Qc1 Qe7 $11 {1/2-1/2 Gelfand,
B-Seirawan,Y/Prague 2002/CBM 89 (21)}) 10... Ne4 11. Rac1 (11. Na4 Qe7 12. Rac1
Rfc8 $5 13. Rfd1 dxc4 14. bxc4 b5 15. cxb5 axb5 16. Bxb5 c6 17. Bd3 Rxa4 18.
Bxe4 Rxa2 19. Bb1 Raa8 $11 {[%cal Gc6c5] 1/2-1/2 Sargissian,G-Sturua,Z/Batumi
2002/CBM 90 (46)}) 11... Qe7 12. Rfd1 f5 13. Na4 (13. Rc2 Rf6 14. Na4 $6 Rh6
15. Ne5 dxc4 16. bxc4 Bxe5 17. dxe5 Qh4 $40 {0-1 Sale,S-Shariyazdanov,A/
Mravinci 1995/EXT 98 (26)}) 13... f4 $6 $146 {That move is very risky from
strategical point of view: now the Ne4 is more vulnerable and if white could
change it,black's position will be hard due to weaknesses on e6 and e5.On the
other hand,white's knight has left the centre on previous move,and black wants
to use it.} ({more solid looks:} 13... c5 14. Ne5 Bxe5 15. dxe5 dxc4 16. bxc4
Bc6 17. Bc2 $13 {1-0 Kosyrev,V-Gagarin,V/Moscow 2000/EXT 2001 (34)}) 14. Rc2 $1
{[%cal Gb2c1] Protecting on f2 and freeing a spot for the bishop.} (14. exf4 $6
Rxf4 $1 15. Nc3 Raf8 $132) 14... Rf7 {Black has no time to double the rooks.} (
14... fxe3 $5 15. Qxe3 c5 $1 16. dxc5 Bf4 (16... Ndxc5 17. Nxb6 Bf4 18. Qe1
Nxd3 19. Rxd3 $16) 17. Qe2 bxc5 $14 {in that complicated position white's
chanses seems to be better,but black has some counterplay.}) 15. exf4 Bxf4 $2 {
That natural tackle is a serious mistake.} (15... Rxf4 $142 16. Bc1 Rf5 (16...
Rf7 {-see 15...Bxf4.}) 17. Nc3 Ndf6 $14) 16. Bc1 $1 {Suddenly black is forced
to change his main defender of black squares-the black squared bishop.} Bxc1 ({
after the natural} 16... Bd6 {white has a powerful} 17. b4 $1 $16 {[%cal Gc4c5]
} Bxb4 $140 $2 18. cxd5 exd5 19. Rxc7 Rb8 20. Nxb6 $18) 17. Rdxc1 Raf8 $2 {
After that move white wins a pawn.} (17... c5 18. cxd5 exd5 19. Nxb6 $1 {
(Maybe this strong blow was overlooked by Andrei Sokolov)} Nxb6 20. dxc5 Nxc5 (
20... Nc8 21. c6 $18) 21. Qxe7 Rxe7 22. Rxc5 $18) ({the only way to fight was:
} 17... Ng5 18. Ne5 Nxe5 19. Qxe5 Re8 $16 {with a great advantage of white.})
18. cxd5 {[%csl Rc7][%cal Gc2c7]} Ng5 19. Nxg5 Qxg5 20. Qe3 $1 {The most
simple.} ({possibly was also:} 20. Qxe6 Bxd5 21. Qh3 {[%cal Ga4c3]}) 20... Qxd5
21. f3 {[%csl Rc7,Re6][%cal Gd3c4,Gd3e4,Gc2c7] Now black has no defence
against a lot of threats.} Qd6 (21... Rxf3 22. gxf3 Rxf3 23. Bc4 $1 Rxe3 24.
Bxd5 Bxd5 25. Rxc7 Nf8 26. Nxb6 $18) 22. Rxc7 $18 {[%csl Ra6,Rb6] Black has no
any compensation for a pawn.More than that,it is very hard to avoid additional
loss of material.} Bd5 (22... Nf6 23. Rxf7 Rxf7 24. Qe5 $18) 23. R7c2 e5 {
A desperation.} 24. Nc3 $1 Bxf3 (24... b5 25. Nxd5 Qxd5 26. Be4 Qd6 27. Rc6 $18
) 25. Bc4 $1 Bb7 (25... Qxd4 26. Qxd4 exd4 27. gxf3 dxc3 28. Rxc3 $18) 26. Ne4
Qg6 27. Ng5 {Now white wins a lot of material.The rest is an agony.} exd4 28.
Qg3 ({White has many ways for a win,but stronger was:} 28. Qe7 $18 {[%csl Rb7,
Rd7,Rf7]}) 28... Be4 29. Bxf7+ Rxf7 30. Rc7 Re7 31. Rc8+ Nf8 32. Qf4 Qf5 33.
Rxf8+ Kxf8 34. Rc8+ (34. Rc8+ Re8 35. Qd6+ Kg8 36. Rxe8+) 1-0